000 00187nam a2200085 4500
001 1300983
005 20260422145055.0
245 _aNEHİRLE MÜCADELE
_cBEAR GRYLLS
260 _bTİMAŞ ÇOCUK
999 _c1300983
_d1300983